01157nam a2200265 a 4500001001000000005001700010008004100027020002700068020002600095040002400121050002800145100002200173245015800195260004300353300004200396500020000438500007100638504003200709610002900741650002400770650002200794700002700816700003000843700001800873BRCA_231920190320203747.0080114s2007 ne-a---##b---#001-0#eng-c a9789004164178 (Chazen) a9789004155398 (Hotei) aBTCTAcBTCTAdYDXCP 4aNE1321.85.U8b.M84 20071 aMueller, Laura J.10aCompetition and CollaborationbJapanese Prints of the Utagawa SchoolcLaura J. Mueller ; with essays by Fujisawa Akane, Kobayashi Tadashi & Ellis Tinios. aLeiden, BostonbHotei Publishingc2007 a231 p.bil. (algunas a color)c31 cm. aCatálogo de la exposición realizada en el Chazen Museum of Art (Madison, Wisconsin), 3 noviembre, 2007 - 6 enero, 2008 y en The Brooklyn Museum (Brooklyn, New York), 21 marzo - 15 junio, 2008 aIncluye biografías de artistas, glosario e índice alfabético aBibliografía : p. 224-22624aUtagawa School of Ukiyoe14aEstampado japonés14aGrabado japonés1 aFujisawa, Akaned1971-1 aKobayashi, Tadashid1941-1 aTinios, Ellis